SULLA TUA PAROLA. VOCAZIONE E SEQUELA NELLA BIBBIA. (Record n. 305031)
[ formato base ]
| 000 -LEADER | |
|---|---|
| fixed length control field | 01203nam a2200229Ia 4500 |
| 001 - CONTROL NUMBER | |
| control field | L221-46092 |
| 003 - CONTROL NUMBER IDENTIFIER | |
| control field | IT-CnALBA |
| 008 - FIXED-LENGTH DATA ELEMENTS--GENERAL INFORMATION | |
| fixed length control field | 170116s9999||||xx |||||||||||||| ||und|| |
| 040 ## - CATALOGING SOURCE | |
| Original cataloging agency | IT-CnALBA |
| Transcribing agency | IT-CnALBA |
| 041 ## - LANGUAGE CODE | |
| Language code of text/sound track or separate title | ITALIANO |
| 999 ## - SYSTEM CONTROL NUMBERS (KOHA) | |
| Koha Dewey Subclass [OBSOLETE] | NO |
| 100 ## - MAIN ENTRY--PERSONAL NAME | |
| Personal name | FISCHER GEORG, SJ. |
| 245 #0 - TITLE STATEMENT | |
| Title | SULLA TUA PAROLA. VOCAZIONE E SEQUELA NELLA BIBBIA. |
| 250 ## - EDITION STATEMENT | |
| Edition statement | 1a ed. |
| 260 ## - PUBLICATION, DISTRIBUTION, ETC. (IMPRINT) | |
| Place of publication, distribution, etc. | ROMA |
| Name of publisher, distributor, etc. | ADP. EDIZIONI |
| Date of publication, distribution, etc. | 1998 [1° Ed.:1998 - Ed.Ling.Originale: 1995] |
| 300 ## - PHYSICAL DESCRIPTION | |
| Extent | 158 p. |
| 500 ## - GENERAL NOTE | |
| General note | TRADUZIONE ITALIANA. IL ROVETO ARDENTE. LE MERAVIGLIE DI DIO, GEDEONE. SAMUELE. ELIA, ELISEO. ISAIA. GEREMIA. EZECHIELE, IL SECONDO ISAIA. SACERDOTI, POPOLO CONSACRATO. DISCEPOLI DI GESÙ MARIA. PIETRO. TESTIMONIANZA DEGLI APOSTOLI. CONVERSIONE O VOCAZIONE |
| 501 ## - WITH NOTE | |
| With note | Società San Paolo EM - Piazza San Paolo, 14 - 12051 ALBA (CN) (non commercial uses only) ® Copyright 2017 |
| 520 ## - SUMMARY, ETC. | |
| Summary, etc. | TRADUZIONE ITALIANA. IL ROVETO ARDENTE. LE MERAVIGLIE DI DIO, GEDEONE. SAMUELE. ELIA, ELISEO. ISAIA. GEREMIA. EZECHIELE, IL SECONDO ISAIA. SACERDOTI, POPOLO CONSACRATO. DISCEPOLI DI GESÙ MARIA. PIETRO. TESTIMONIANZA DEGLI APOSTOLI. CONVERSIONE O VOCAZIONE |
| 650 ## - SUBJECT ADDED ENTRY--TOPICAL TERM | |
| Topical term or geographic name as entry element | ANTICO TESTAMENTO |
| 942 ## - ADDED ENTRY ELEMENTS (KOHA) | |
| Koha item type | LIBRO |
| 957 ## - | |
| -- | 1 |
| 999 ## - SYSTEM CONTROL NUMBERS (KOHA) | |
| -- | Copie: 1 |
| Withdrawn status | Lost status | Damaged status | Not for loan | Home library | Current library | Date acquired | Total Checkouts | Full call number | Date last seen | Price effective from | Koha item type | Public note |
|---|---|---|---|---|---|---|---|---|---|---|---|---|
| Buone Condizioni | Not For Loan | ALBA - Biblioteca | ALBA - Biblioteca | 16/01/2017 | L221-46092 | 16/01/2017 | 16/01/2017 | LIBRO | (data import: 16 gennaio 2017) - By Epidotti, Vaglietti. |